000 00543nam a22001817a 4500
999 _c190897
_d190897
005 20220810114028.0
010 _aENG-134368
020 _a978-93-91373-41-2
_c300.00
035 _aEN-117900
037 _bDBAD/PUB
082 _a612.65
245 _aHuman Growth and Development/
_cedited by C. Ashok Kumar at all
260 _aTamil Nadu
_bShanlax Publications
_c2021
270 _aVasanta Nagar, Madurai
_bTamil Nadu
_e625003
300 _a172p.
_c24cm(pb)
700 _aC. Ashok Kumar
942 _2ddc
_cEN
_h612.65
_mHUM